[Event "4NCL 2017-18"]
[Site "England ENG"]
[Date "2018.03.18"]
[Round "8.38"]
[White "McDonald, Neil"]
[Black "Varney, Zoe"]
[Result "1-0"]
[WhiteTitle "GM"]
[WhiteElo "2397"]
[BlackElo "2003"]
[WhiteTeam "Wood Green"]
[BlackTeam "Oxford"]
[WhiteFideId "400629"]
[BlackFideId "436135"]
[EventDate "2017.11.11"]

1. e4 e5 2. Nf3 Nc6 3. Bb5 Nf6 4. d3 d6 5. c3 g6 6. Nbd2 Bg7 7. Nf1 O-O 8. Ng3
Ne8 9. h4 h6 10. h5 g5 11. Bxc6 bxc6 12. Nh2 f5 13. Nxf5 Bxf5 14. exf5 Rxf5 15.
Ng4 Rf7 16. O-O Nf6 17. Nxf6+ Qxf6 18. Qg4 d5 19. Be3 d4 20. cxd4 exd4 21. Bd2
Re8 22. Rac1 Qe6 23. Qxe6 Rxe6 24. Rfe1 Rfe7 25. Kf1 Bf8 26. Rc4 c5 27. f3 Ra6
28. a3 Rxe1+ 29. Kxe1 Bd6 30. Kd1 Kf7 31. Bc1 Ke6 32. b3 Kd5 33. a4 Rb6 34. Kc2
Rb8 35. Kb2 Bf4 36. Rc2 Re8 37. Bxf4 gxf4 38. b4 cxb4 39. Rxc7 Re2+ 40. Kb3 Rxg2
41. Rxa7 Rd2 42. Ra5+ Kc6 43. Kc4 b3 44. Rc5+ Kd6 45. Rb5 Ra2 46. Kxb3 Rf2 47.
Kc4 Rxf3 48. Kxd4 Rh3 49. Rb6+ Ke7 50. Rxh6 f3 51. Ke3 f2+ 52. Kxf2 Rxd3 53. Ra6
Kf7 54. Ke2 Rh3 55. h6 Kg8 56. a5 Kh7 57. Kd2 Ra3 58. Kc2 Kh8 59. Kb2 Ra4 60.
Kb3 Ra1 61. Kb4 Kh7 62. Rd6 Rb1+ 63. Kc5 Rb2 64. a6 Rb1 65. a7 Ra1 66. Kb6 Rb1+
67. Kc7 Rc1+ 68. Kb7 Rb1+ 69. Rb6 Rc1 70. a8=Q Rc7+ 71. Ka6 1-0

[Event "4NCL 2017-18"]
[Site "England ENG"]
[Date "2018.03.18"]
[Round "8.41"]
[White "Roberson, Peter T"]
[Black "Howell, David W L"]
[Result "1/2-1/2"]
[WhiteTitle "IM"]
[BlackTitle "GM"]
[WhiteElo "2410"]
[BlackElo "2701"]
[WhiteTeam "Grantham Sharks"]
[BlackTeam "Cheddleton"]
[WhiteFideId "412384"]
[BlackFideId "410608"]
[EventDate "2017.11.11"]

1. e4 d6 2. d4 Nf6 3. Nc3 g6 4. Be3 c6 5. h3 Nbd7 6. Nf3 e5 7. dxe5 dxe5 8. Bc4
Bb4 9. O-O h6 10. Ne2 Nxe4 11. Ng3 Nxg3 12. fxg3 Qe7 13. Nh4 Rh7 14. Rxf7 Rxf7
15. Nxg6 Qf6 16. Qh5 Rg7 17. Nxe5+ Ke7 18. Nd3 Bd6 19. Rf1 Qg6 20. Qh4+ Ke8 21.
Nf4 Qxg3 22. Bf7+ Kxf7 23. Nh5+ Kg8 24. Nxg3 Bxg3 25. Qc4+ Kh8 26. Bxh6 Rg6 27.
Bf4 Bh4 28. Be5+ Bf6 29. Bxf6+ Rxf6 30. Qd4 Kg7 31. g4 Kf7 32. Qc4+ Kf8 33. g5
Rxf1+ 34. Qxf1+ Ke7 35. h4 b6 36. Qe2+ Kd6 37. Qd2+ Ke6 38. h5 Ba6 39. g6 Ne5
40. Qe3 Rg8 41. Qa3 Be2 42. Kf2 Bf3 43. Qb3+ Bd5 44. Qh3+ Kf6 45. Qh4+ Kf5 46.
b3 Be4 47. Qe7 Ng4+ 48. Ke1 Nf6 49. Qxa7 Nxh5 50. Qxb6 Nf6 51. a4 Rxg6 52. a5
Rg2 53. Qc5+ Kf4 54. a6 Bf3 55. Qd6+ Ke3 56. Qc5+ Kf4 57. Qd6+ Ke3 58. Qc5+ Kf4 1/2-1/2

[Event "4NCL 2017-18"]
[Site "England ENG"]
[Date "2018.03.18"]
[Round "8.42"]
[White "Hawkins, Jonathan"]
[Black "Rendle, Thomas E"]
[Result "1/2-1/2"]
[WhiteTitle "GM"]
[BlackTitle "IM"]
[WhiteElo "2589"]
[BlackElo "2365"]
[WhiteTeam "Cheddleton"]
[BlackTeam "Grantham Sharks"]
[WhiteFideId "412686"]
[BlackFideId "408760"]
[EventDate "2017.11.11"]

1. Nf3 Nf6 2. d4 d5 3. c4 e6 4. Nc3 dxc4 5. e4 Bb4 6. Bg5 c5 7. Bxc4 cxd4 8.
Nxd4 Bxc3+ 9. bxc3 Qa5 10. Bb5+ Nbd7 11. Bxf6 Qxc3+ 12. Kf1 gxf6 13. h4 a6 14.
Rh3 Qb4 15. Be2 Ne5 16. h5 Qd6 17. Rc1 Bd7 18. Qd2 Nc6 19. Rd3 Nxd4 20. Rxd4 Qh2
21. f3 Bb5 22. Bxb5+ axb5 1/2-1/2

[Event "4NCL 2017-18"]
[Site "England ENG"]
[Date "2018.03.18"]
[Round "8.43"]
[White "Batchelor, Peter J"]
[Black "Gretarsson, Hjorvar Steinn"]
[Result "0-1"]
[WhiteTitle "FM"]
[BlackTitle "GM"]
[WhiteElo "2324"]
[BlackElo "2557"]
[WhiteTeam "Grantham Sharks"]
[BlackTeam "Cheddleton"]
[WhiteFideId "424854"]
[BlackFideId "2302241"]
[EventDate "2017.11.11"]

1. Nf3 c5 2. c4 Nc6 3. Nc3 Nf6 4. d4 cxd4 5. Nxd4 e6 6. e4 Bb4 7. Nxc6 bxc6 8.
Bd3 O-O 9. O-O e5 10. Qc2 h6 11. a3 Bc5 12. b4 Bd4 13. Rb1 d5 14. cxd5 cxd5 15.
Nxd5 Nxd5 16. exd5 Bb7 17. Bc4 Rc8 18. Qa2 Qh4 19. Bb3 Ba6 20. Rd1 Rc3 21. Be3
Bxe3 22. fxe3 Rxe3 23. Qf2 Qxf2+ 24. Kxf2 Rc3 25. Rdc1 Rfc8 26. Rxc3 Rxc3 27. d6
Bb5 28. a4 Bd7 29. b5 Kf8 30. Ke2 e4 31. Bd5 Bg4+ 32. Kf1 e3 33. a5 Bf5 34. Rd1
Bd3+ 35. Ke1 Bxb5 36. Bxf7 Rc2 37. Rb1 Re2+ 38. Kd1 Rd2+ 39. Ke1 Bd3 40. Rb7 0-1

[Event "4NCL 2017-18"]
[Site "England ENG"]
[Date "2018.03.18"]
[Round "8.44"]
[White "Fodor, Tamas Jr."]
[Black "Daskalov, Dimitar"]
[Result "1-0"]
[WhiteTitle "GM"]
[WhiteElo "2503"]
[BlackElo "2320"]
[WhiteTeam "Cheddleton"]
[BlackTeam "Grantham Sharks"]
[WhiteFideId "723762"]
[BlackFideId "2902800"]
[EventDate "2017.11.11"]

1. d4 Nf6 2. c4 e5 3. dxe5 Ng4 4. Nf3 Bc5 5. e3 Nc6 6. a3 a5 7. b3 O-O 8. Bb2
Re8 9. Bd3 Ra6 10. Qc2 h6 11. e6 dxe6 12. O-O Bf8 13. Nbd2 e5 14. c5 Ra8 15.
Bh7+ Kh8 16. Be4 h5 17. Nc4 Bxc5 18. Bxc6 bxc6 19. Ncxe5 Nxe5 20. Nxe5 Qe7 21.
Nxf7+ Qxf7 22. Qxc5 Be6 23. b4 Rab8 24. f3 axb4 25. axb4 Red8 26. Rfd1 Qg6 27.
Qxc6 Rxd1+ 28. Rxd1 Rxb4 29. Bxg7+ Kh7 30. Be5 Rc4 31. Qa8 Qg8 32. Rd8 Rc1+ 33.
Kf2 Rc2+ 34. Ke1 Re2+ 35. Kxe2 Qxg2+ 36. Kd1 Qf1+ 37. Kc2 Qe2+ 38. Rd2 Qc4+ 39.
Kb2 Qb5+ 40. Kc1 Qc4+ 41. Rc2 Qf1+ 42. Kd2 Qf2+ 43. Kd3 Bf5+ 44. e4 Qxf3+ 45.
Kd4 Qd1+ 46. Kc3 Qe1+ 47. Kb3 Qe3+ 48. Rc3 1-0

[Event "4NCL 2017-18"]
[Site "England ENG"]
[Date "2018.03.18"]
[Round "8.45"]
[White "Purton, Ben J"]
[Black "Arkell, Keith C"]
[Result "0-1"]
[BlackTitle "GM"]
[WhiteElo "2110"]
[BlackElo "2414"]
[WhiteTeam "Grantham Sharks"]
[BlackTeam "Cheddleton"]
[WhiteFideId "411132"]
[BlackFideId "400270"]
[EventDate "2017.11.11"]

1. e4 c5 2. Nf3 d6 3. Bb5+ Nd7 4. O-O Nf6 5. e5 dxe5 6. Nxe5 a6 7. Nxd7 Bxd7 8.
Bxd7+ Qxd7 9. Nc3 e6 10. d3 Be7 11. Qf3 O-O 12. Re1 b5 13. Bg5 h6 14. Bf4 Rfd8
15. Be5 Nd5 16. Qg4 Bf8 17. Nxd5 Qxd5 18. Re3 g6 19. c4 bxc4 20. dxc4 Qd2 21.
Bc3 Qd6 22. Be5 Qe7 23. Rd1 Qg5 24. Qe2 Rxd1+ 25. Qxd1 Rd8 26. Qa4 Bg7 27. Bxg7
Kxg7 28. g3 Rd2 29. Rf3 Qe5 30. Qe8 Qc7 31. Qa8 Rxb2 32. Qxa6 Qd7 33. Kg2 Rc2
34. Qb5 Qa7 35. a3 Rd2 36. Qc6 Rd1 37. Qe4 Rd4 38. Qe5+ Kh7 39. Qf6 Kg8 40. Rb3
Qa8+ 41. f3 Rd8 42. Qe7 Qa5 43. Rb7 Rf8 44. Rb5 Qd2+ 45. Kh3 Qd3 46. f4 Qf1+ 47.
Kg4 Qxc4 48. Rxc5 Qa2 49. Kh3 Qxa3 50. Rc7 Qf3 51. Rd7 Qf1+ 52. Kg4 Qe2+ 53. Kh3
Kg7 54. Rc7 Qf1+ 55. Kg4 Qe2+ 56. Kh3 Qh5+ 57. Kg2 Qd5+ 58. Kh3 Qf5+ 59. Kh4
Qh5# 0-1

[Event "4NCL 2017-18"]
[Site "England ENG"]
[Date "2018.03.18"]
[Round "8.46"]
[White "Eggleston, David J"]
[Black "Willis, Rupert"]
[Result "1-0"]
[WhiteTitle "IM"]
[WhiteElo "2407"]
[BlackElo "2128"]
[WhiteTeam "Cheddleton"]
[BlackTeam "Grantham Sharks"]
[WhiteFideId "412120"]
[BlackFideId "1506951"]
[EventDate "2017.11.11"]

1. e4 d6 2. d4 Nf6 3. Nc3 g6 4. Be3 c6 5. Qd2 Qa5 6. Bd3 Bg7 7. h3 Nbd7 8. Nf3
e5 9. O-O O-O 10. a4 Re8 11. Rfe1 Qc7 12. a5 exd4 13. Nxd4 Nc5 14. Bh6 Bh8 15.
Nf3 Bd7 16. Bf4 Nh5 17. Bh2 Rad8 18. Qe3 b6 19. Rad1 Bc8 20. axb6 axb6 21. Qd2
b5 22. b4 Ne6 23. Ne2 Be5 24. Nxe5 dxe5 25. Qc3 Nhf4 26. Nxf4 exf4 27. Qf6 Qe7
28. Qxe7 Rxe7 29. Ra1 Red7 30. Ra8 Rd4 31. Rb1 Bb7 32. Rxd8+ Rxd8 33. f3 Ra8 34.
Kf1 Ra3 35. Bg1 Kg7 36. e5 Kf8 37. Bb6 Ke7 38. Ke2 Bc8 39. Kd2 Bd7 40. Kc1 Ra6
41. Bf2 Ra2 42. Kd2 h6 43. Kc3 Nc7 44. Bc5+ Ke8 45. Be4 Ne6 46. Bd6 Ng5 47. Bd3
Be6 48. h4 Nh7 49. h5 Bf5 50. hxg6 Bxg6 51. Rh1 Bxd3 52. Kxd3 Ng5 53. Rxh6 Ra3+
54. Kd2 Ne6 55. Rh8+ Kd7 56. Rg8 Re3 57. Ra8 Ng5 58. Ra7+ Ke6 59. Re7+ Kd5 60.
Bb8 Kc4 61. Ba7 Ra3 62. Bc5 Kd5 63. e6 Nxe6 64. Rxf7 Ke5 65. Ba7 Ra4 66. Bb8+
Kd5 67. Bxf4 Rxb4 68. Rf5+ Kc4 69. Bd6 Rb2 70. Re5 1-0

[Event "4NCL 2017-18"]
[Site "England ENG"]
[Date "2018.03.18"]
[Round "8.47"]
[White "Varnam, Liam D"]
[Black "Connell, Blair N"]
[Result "0-1"]
[WhiteElo "2068"]
[BlackElo "2246"]
[WhiteTeam "Grantham Sharks"]
[BlackTeam "Cheddleton"]
[WhiteFideId "410950"]
[BlackFideId "403725"]
[EventDate "2017.11.11"]

1. e4 e6 2. d4 d5 3. Nc3 dxe4 4. Nxe4 Bd7 5. c4 Nf6 6. Nxf6+ Qxf6 7. a3 e5 8.
Qe2 Nc6 9. Nf3 Bg4 10. dxe5 Qf5 11. Qd3 Qxd3 12. Bxd3 Bxf3 13. gxf3 Nxe5 14. Be2
O-O-O 15. Be3 Nd3+ 16. Bxd3 Rxd3 17. Rg1 g6 18. Ke2 Rb3 19. Bd4 Rg8 20. Rg5 Bg7
21. Bxg7 Rxg7 22. Rb5 Rxb5 23. cxb5 f6 24. f4 Rd7 25. f5 g5 26. f4 gxf4 27. Rf1
Rd5 28. Rxf4 Rxb5 29. b4 a5 30. Kd3 axb4 31. axb4 Kd7 32. Rh4 Rxf5 33. Rxh7+ Kc6
34. Rf7 Rf4 35. Kc3 b5 36. h4 Kd6 37. h5 Rc4+ 38. Kb3 Ke6 39. Rg7 c6 40. h6 Rh4
41. h7 Rh3+ 42. Kc2 f5 43. Rg6+ Kd5 44. Rf6 Kc4 45. Rxc6+ Kxb4 46. Rf6 Rh2+ 47.
Kd1 Rxh7 48. Rxf5 Rc7 49. Kd2 Ka4 50. Rf1 b4 51. Ra1+ Kb3 52. Rb1+ Ka3 53. Ra1+
Kb2 54. Ra8 Rd7+ 55. Ke2 b3 56. Rb8 Kc2 57. Rc8+ Kb1 58. Rb8 b2 59. Ke3 Ra7 0-1

[Event "4NCL 2017-18"]
[Site "England ENG"]
[Date "2018.03.18"]
[Round "8.48"]
[White "Steil-Antoni, Fiona"]
[Black "Head, Louise"]
[Result "1-0"]
[WhiteTitle "WIM"]
[BlackTitle "WFM"]
[WhiteElo "2200"]
[BlackElo "2101"]
[WhiteTeam "Cheddleton"]
[BlackTeam "Grantham Sharks"]
[WhiteFideId "4001249"]
[BlackFideId "424773"]
[EventDate "2017.11.11"]

1. e4 c6 2. Ne2 d5 3. e5 c5 4. d4 Nc6 5. c3 Bf5 6. dxc5 e6 7. b4 Nxe5 8. Nd4 Ne7
9. Bf4 f6 10. Be2 Kf7 11. Na3 a6 12. g4 Bg6 13. h4 h6 14. Qd2 N7c6 15. O-O-O b6
16. Bxe5 Nxe5 17. cxb6 Qxb6 18. f4 Be4 19. fxe5 a5 20. Nab5 axb4 21. cxb4 Bxh1
22. Rxh1 Be7 23. exf6 Rhc8+ 24. Kb1 Bxf6 25. g5 hxg5 26. hxg5 Be5 27. Bg4 Rxa2
28. Kxa2 Ra8+ 29. Kb1 Qa6 30. Bxe6+ Ke7 31. Bxd5 Qa1+ 32. Kc2 Qa4+ 33. Bb3 Rc8+
34. Kb1 Qa8 35. Re1 Qb8 36. Qf4 1-0

[Event "4NCL 2017-18"]
[Site "England ENG"]
[Date "2018.03.18"]
[Round "8.87"]
[White "Ledger, Stephen C"]
[Black "Walsh, Marcus"]
[Result "0-1"]
[WhiteElo "2013"]
[BlackElo "2172"]
[WhiteTeam "Blackthorne Russia"]
[BlackTeam "The ADs"]
[WhiteFideId "404470"]
[BlackFideId "452858"]
[EventDate "2017.11.11"]

1. d4 Nf6 2. Bg5 Ne4 3. Bf4 c5 4. f3 Nf6 5. d5 Qb6 6. Nc3 Qxb2 7. Bd2 Qb6 8. e4
d6 9. Bc4 g6 10. f4 Bg7 11. Nf3 Bg4 12. Rb1 Qc7 13. O-O Nbd7 14. Qe1 Bxf3 15.
Rxf3 O-O 16. Qh4 a6 17. a4 Rfe8 18. g4 Nf8 19. Rbf1 Rab8 20. Kg2 Qc8 21. g5 N6d7
22. a5 b5 23. axb6 Nxb6 24. Be2 Nbd7 25. Rh3 Rb2 26. Bd1 Qb7 27. f5 Ne5 28. Ne2
gxf5 29. Bc3 fxe4 30. Bxb2 Qxb2 31. Qxe4 Rb8 32. Ng3 Rb4 33. Qe2 Qd4 34. Nf5
Qxd5+ 35. Kg1 Qb7 36. Nxg7 Rg4+ 37. Qxg4 Nxg4 38. Bxg4 Kxg7 39. Rhf3 e6 40. Rb3
Qd5 41. Be2 Ng6 42. Rg3 a5 43. Rg4 Qd2 44. Bd3 Ne5 45. Rgf4 Qe3+ 46. Kg2 c4 47.
Bxc4 Nxc4 48. Rxf7+ Kg6 49. R1f6+ Kxg5 50. h4+ Kxh4 51. Rxh7+ Kg5 52. Rf3 Qe4
53. Rg7+ Kh6 54. Rg3 Ne5 55. Rh3+ Kg5 56. Rg3+ Ng4 57. Kh3 Qh7+ 58. Kg2 Qxc2+
59. Kf1 a4 60. Rf8 Kh4 0-1

[Event "4NCL 2017-18"]
[Site "England ENG"]
[Date "2018.05.05"]
[Round "9.11"]
[White "Turner, Matthew J"]
[Black "Cheparinov, Ivan"]
[Result "0-1"]
[WhiteTitle "GM"]
[BlackTitle "GM"]
[WhiteElo "2529"]
[BlackElo "2705"]
[WhiteTeam "Barbican 4NCL"]
[BlackTeam "Guildford"]
[WhiteFideId "402893"]
[BlackFideId "2905540"]
[EventDate "2017.11.11"]

1. g3 f5 2. Bg2 Nf6 3. d3 d6 4. e4 fxe4 5. dxe4 e5 6. Nd2 Be7 7. Ngf3 O-O 8. c3
Kh8 9. O-O a5 10. Nh4 Na6 11. Qc2 c6 12. Nf5 Bxf5 13. exf5 d5 14. Nf3 Bd6 15.
Be3 Ng4 16. Bd2 e4 17. Nd4 Nc5 18. Qd1 Ne5 19. b3 Qf6 20. Be3 Rae8 21. Qd2 Ng4
22. Bg5 Qf7 23. h3 Ne5 24. g4 Bb8 25. f3 exf3 26. Nxf3 Nxf3+ 27. Bxf3 Qc7 28.
Qg2 Nd3 29. Kh1 Qe5 30. Bd2 Ba7 31. Qh2 Qe7 32. Qg3 Bb8 33. Qg2 Qh4 34. Bd1 Ba7
35. Qf3 Ne1 36. Bxe1 Rxe1 37. Be2 Rxa1 38. Rxa1 Re8 39. Bf1 Re3 40. Qf4 Rxc3 41.
Qc7 h6 42. f6 Qxf6 43. Qxb7 Rxh3+ 44. Kg2 Qf3# 0-1

[Event "4NCL 2017-18"]
[Site "England ENG"]
[Date "2018.05.05"]
[Round "9.12"]
[White "Sadler, Matthew D"]
[Black "D'Costa, Lorin A R"]
[Result "1-0"]
[WhiteTitle "GM"]
[BlackTitle "IM"]
[WhiteElo "2693"]
[BlackElo "2386"]
[WhiteTeam "Guildford"]
[BlackTeam "Barbican 4NCL"]
[WhiteFideId "400173"]
[BlackFideId "409219"]
[EventDate "2017.11.11"]

1. d4 Nf6 2. c4 g6 3. f3 c5 4. d5 b5 5. cxb5 a6 6. e4 d6 7. Na3 Bg7 8. Ne2 O-O
9. Nc3 e6 10. Be2 exd5 11. exd5 Nbd7 12. O-O Nb6 13. Bg5 h6 14. Bh4 g5 15. Bf2
axb5 16. Naxb5 Bb7 17. Qb3 Re8 18. Rad1 Nh5 19. g3 Nf6 20. Rfe1 Re5 21. Bf1 Rf5
22. Qc2 Rxf3 23. Bg2 Rxf2 24. Qxf2 Qd7 25. b3 Ng4 26. Qc2 c4 27. Nd4 cxb3 28.
axb3 Qc7 29. Nc6 Bxc6 30. Nb5 Ra2 31. Re8+ Bxe8 32. Qxc7 Bxb5 33. Qxb6 Be2 34.
Qd8+ Bf8 35. Rc1 1-0

[Event "4NCL 2017-18"]
[Site "England ENG"]
[Date "2018.05.05"]
[Round "9.13"]
[White "Grafl, Florian"]
[Black "Jones, Gawain C B"]
[Result "0-1"]
[WhiteTitle "IM"]
[BlackTitle "GM"]
[WhiteElo "2369"]
[BlackElo "2667"]
[WhiteTeam "Barbican 4NCL"]
[BlackTeam "Guildford"]
[WhiteFideId "4645715"]
[BlackFideId "409561"]
[EventDate "2017.11.11"]

1. b3 e5 2. Bb2 Nc6 3. Nf3 e4 4. Nd4 Nxd4 5. Bxd4 d5 6. e3 Ne7 7. d3 Nf5 8. Bb2
Bb4+ 9. c3 Bd6 10. dxe4 dxe4 11. Qc2 O-O 12. Nd2 Nxe3 13. fxe3 Qh4+ 14. Kd1 Bf5
15. g3 Bxg3 16. Bg2 Bf2 17. Bxe4 Bg4+ 18. Kc1 Bxe3 19. Kb1 Bxd2 20. Qxd2 Rfe8
21. Bc2 Re2 22. Qd3 Qh5 23. Rd1 Rae8 24. Rd2 Rxh2 25. Rxh2 Qxh2 26. a4 Qh3 27.
Ka2 Qxd3 28. Bxd3 Re3 29. Bc4 h5 30. Rg1 g6 31. Bc1 Rxc3 32. Re1 Be6 33. Bb2 Rf3
34. Bxe6 fxe6 35. Rxe6 Kf7 36. Re4 g5 37. Re5 Kg6 38. Re6+ Kf5 39. Re7 h4 40.
Rxc7 h3 41. Rxb7 h2 42. Rh7 Rf2 43. Rf7+ Ke4 44. Rxf2 h1=Q 45. Rf7 Qg1 46. Re7+
Kf5 47. Rf7+ Ke6 48. Rf6+ Kd5 49. Rf5+ Ke4 50. Re5+ Kf4 51. Rb5 g4 52. Rb4+ Kf3
53. Bd4 Qh2+ 54. Ka3 Qd6 55. Bxa7 g3 56. a5 Qe5 57. Bd4 Qxa5+ 58. Ra4 Qd2 59.
Rc4 Ke2 60. Bc5 g2 61. Re4+ Kf1 62. Rc4 g1=Q 63. Bxg1 Kxg1 64. Rc6 Kf2 65. Rf6+
Ke2 66. Re6+ Kf3 67. Rc6 Ke4 68. Rc4+ Kd3 69. Rc6 Qg2 70. Rc4 Qh2 71. Rc1 Kd4
72. Rc4+ Kd5 73. Rc1 Kd6 74. Rc4 Qf2 75. Rc1 Kd7 76. Rc4 Qd2 77. Rc5 Qd6 78. b4
Qd1 79. Kb2 Qe1 80. Kb3 Kd6 81. Kc4 Qb1 82. Kc3 Kd7 83. Rc4 Qa2 84. Rc5 Qa3+ 85.
Kc4 Qb2 86. Rd5+ Ke6 87. Rc5 Qc2+ 88. Kb5 Qa2 89. Rc3 Kd6 90. Rc5 Qb3 91. Ka5
Qa3+ 92. Kb5 Qa2 93. Rc1 Ke5 94. Rc3 Kd4 95. Rc5 Qa7 96. Rc1 Kd3 97. Rc5 Kd2 98.
Rc4 Qb8+ 99. Ka5 Qd8+ 100. Kb5 Qd3 101. Kc5 Qe3+ 102. Kc6 Qe2 103. Rc5 Qa6+ 104.
Kc7 Kd3 105. b5 Qa7+ 106. Kc6 Kd4 107. Rc1 Qa3 108. Rc2 Qb3 109. Rc1 Qe3 110.
Rd1+ Kc4 111. b6 Qe6+ 112. Kc7 Qe7+ 113. Kb8 Qf8+ 114. Ka7 Qa3+ 115. Kb8 Kb5
116. b7 Kb6 117. Rb1+ Kc6 118. Rh1 Qf8+ 119. Ka7 Qc5+ 120. Kb8 Qe5+ 121. Ka7
Qa5+ 0-1

[Event "4NCL 2017-18"]
[Site "England ENG"]
[Date "2018.05.05"]
[Round "9.14"]
[White "Fressinet, Laurent"]
[Black "Griffiths, Ryan Rhys"]
[Result "1/2-1/2"]
[WhiteTitle "GM"]
[BlackTitle "FM"]
[WhiteElo "2651"]
[BlackElo "2353"]
[WhiteTeam "Guildford"]
[BlackTeam "Barbican 4NCL"]
[WhiteFideId "608742"]
[BlackFideId "2502054"]
[EventDate "2017.11.11"]

1. d4 Nf6 2. c4 Nc6 3. Nf3 e6 4. g3 d5 5. Nbd2 Bb4 6. Bg2 O-O 7. O-O Bxd2 8.
Bxd2 dxc4 9. Rc1 Nxd4 10. Rxc4 Nxf3+ 11. Bxf3 c6 12. Qc2 e5 13. Rd1 Re8 14. Rh4
Qd7 15. g4 e4 16. Bc3 Qe6 17. g5 Qf5 18. gxf6 Qg5+ 19. Kh1 1/2-1/2

[Event "4NCL 2017-18"]
[Site "England ENG"]
[Date "2018.05.05"]
[Round "9.15"]
[White "Cox, John J"]
[Black "Edouard, Romain"]
[Result "0-1"]
[WhiteTitle "IM"]
[BlackTitle "GM"]
[WhiteElo "2314"]
[BlackElo "2621"]
[WhiteTeam "Barbican 4NCL"]
[BlackTeam "Guildford"]
[WhiteFideId "401064"]
[BlackFideId "633429"]
[EventDate "2017.11.11"]

1. c4 b6 2. d4 Bb7 3. Nc3 e6 4. a3 f5 5. d5 Nf6 6. g3 Na6 7. Bg2 Nc5 8. Nh3 Bd6
9. O-O O-O 10. Nb5 a5 11. Nxd6 cxd6 12. dxe6 Bxg2 13. e7 Qxe7 14. Kxg2 Qe4+ 15.
Kg1 Qxc4 16. Be3 Nb3 17. Rb1 d5 18. Bxb6 d4 19. e3 d3 20. Nf4 d2 21. Ne2 Rfb8
22. Bd4 Nd5 23. Be5 d6 24. Bc3 Qd3 25. Nf4 Nxf4 26. gxf4 d5 27. Qf3 Ra6 28. h4
Rg6+ 29. Kh2 Rg4 30. Kh3 Rb6 31. Rg1 Rbg6 32. Bd4 h5 33. Rg3 Qxb1 0-1

[Event "4NCL 2017-18"]
[Site "England ENG"]
[Date "2018.05.05"]
[Round "9.16"]
[White "Pert, Nicholas"]
[Black "Dorrington, Chris J"]
[Result "1/2-1/2"]
[WhiteTitle "GM"]
[WhiteElo "2543"]
[BlackElo "2308"]
[WhiteTeam "Guildford"]
[BlackTeam "Barbican 4NCL"]
[WhiteFideId "403989"]
[BlackFideId "410462"]
[EventDate "2017.11.11"]

1. d4 Nf6 2. Nf3 e6 3. c4 d5 4. Nc3 Bb4 5. cxd5 exd5 6. Bf4 O-O 7. Rc1 c6 8. e3
Bf5 9. Qb3 Qb6 10. Nh4 Be6 11. Bd3 Nbd7 12. O-O Nh5 13. Bc7 Qxc7 14. Qxb4 Qb6
15. Qa3 g6 16. Nf3 Ng7 17. b4 Bg4 18. Nd2 a6 19. Qb3 Qd8 20. a4 Qg5 21. Rfe1 Ne6
22. Nf1 h5 23. Be2 Bxe2 24. Nxe2 h4 25. h3 Rfc8 26. Nh2 Nf6 27. Nf3 Qh6 28. Ne5
g5 29. Rc2 Kg7 30. Rec1 g4 31. hxg4 Ne4 32. f3 Ng3 33. Kf2 Nxe2 34. Kxe2 h3 35.
gxh3 Qxh3 36. Qd3 Rc7 37. Rg1 c5 38. bxc5 Nxc5 39. Qf5 Ne4 40. fxe4 Qh2+ 41. Kf3
dxe4+ 42. Kxe4 Qxc2+ 1/2-1/2

[Event "4NCL 2017-18"]
[Site "England ENG"]
[Date "2018.05.05"]
[Round "9.17"]
[White "Jackson, James P"]
[Black "Le Roux, Jean-Pierre"]
[Result "1/2-1/2"]
[WhiteTitle "FM"]
[BlackTitle "GM"]
[WhiteElo "2364"]
[BlackElo "2557"]
[WhiteTeam "Barbican 4NCL"]
[BlackTeam "Guildford"]
[WhiteFideId "416860"]
[BlackFideId "609404"]
[EventDate "2017.11.11"]

1. e4 g6 2. d4 Bg7 3. Nf3 d6 4. Bc4 Nc6 5. c3 Nf6 6. Qe2 O-O 7. e5 dxe5 8. dxe5
Nd5 9. h3 Nb6 10. Bb3 Bf5 11. Bf4 Bd3 12. Qd2 Nc4 13. Bxc4 Bxc4 14. Qxd8 Nxd8
15. Nbd2 Bd5 16. O-O Ne6 17. Be3 a5 18. Rfe1 Rfd8 19. a4 b6 20. b4 axb4 21. cxb4
Ra6 22. a5 bxa5 23. Rxa5 Rxa5 24. bxa5 Ra8 25. Ra1 Ra6 26. Kf1 Nd8 27. Bd4 Nc6
28. Bc3 f6 29. Ra4 fxe5 30. Ne4 Nd4 31. Nfd2 Bc6 32. Ra2 e6 33. Nc5 Ra7 34. Nde4
Bf8 35. f3 Bxe4 36. Nxe4 Ra6 37. Rb2 Kf7 38. Rb7 Rc6 39. a6 Rxa6 40. Rxc7+ Be7
41. Bb4 Nc6 42. Bxe7 Nxe7 43. Ng5+ Ke8 44. Nxh7 Ra1+ 45. Ke2 Ra2+ 46. Kd3 Nd5
47. Rg7 Rxg2 48. h4 Rh2 49. Kc4 Rxh4+ 50. Kc5 Ne7 51. Ng5 Kd7 52. Ne4 Rf4 53.
Kc4 Ke8 54. Rh7 Nf5 55. Kc5 Rxf3 56. Nf6+ Kd8 57. Ne4 Rf1 58. Ng5 Rc1+ 59. Kb6
Nd4 60. Ra7 Rc6+ 61. Kb7 Rc1 62. Kb6 Rg1 63. Ne4 Nf5 64. Rh7 Ke8 65. Nf6+ Kf8
66. Nd7+ Kg8 67. Nf6+ Kf8 68. Nd7+ 1/2-1/2

[Event "4NCL 2017-18"]
[Site "England ENG"]
[Date "2018.05.05"]
[Round "9.18"]
[White "Stefanova, Antoaneta"]
[Black "Bhatia, Kanwal K"]
[Result "1-0"]
[WhiteTitle "GM"]
[BlackTitle "WFM"]
[WhiteElo "2490"]
[BlackElo "2036"]
[WhiteTeam "Guildford"]
[BlackTeam "Barbican 4NCL"]
[WhiteFideId "2902257"]
[BlackFideId "407496"]
[EventDate "2017.11.11"]

1. Nf3 Nf6 2. g3 c5 3. Bg2 d5 4. O-O e6 5. c4 Be7 6. cxd5 exd5 7. d4 c4 8. b3
cxb3 9. Qxb3 Nc6 10. Rd1 Na5 11. Qd3 O-O 12. Ne5 g6 13. Bd2 Nc6 14. Bh6 Re8 15.
Nc3 Bf5 16. Qb5 a6 17. Qb2 Qa5 18. a3 Rac8 19. Bd2 Nxd4 20. e3 Nc2 21. Nxd5 Qb5
22. Qxb5 axb5 23. Ra2 Bd8 24. f4 Ra8 25. Nxf6+ Bxf6 26. g4 Be6 27. Rxc2 Bb3 28.
Rdc1 Bxc2 29. Rxc2 Bxe5 30. fxe5 Rxa3 31. Bd5 Rd3 32. e4 b6 33. Bb4 Rd1+ 34. Kg2
Rb1 35. Bd6 b4 36. Rc6 b3 37. Rxb6 Rc8 38. e6 Rb2+ 39. Kh3 Rc3+ 40. Kh4 f6 41.
Rb8+ 1-0

[Event "4NCL 2017-18"]
[Site "England ENG"]
[Date "2018.05.05"]
[Round "9.21"]
[White "Zhou, Yang-Fan"]
[Black "Wells, Peter K"]
[Result "0-1"]
[WhiteTitle "IM"]
[BlackTitle "GM"]
[WhiteElo "2440"]
[BlackElo "2418"]
[WhiteTeam "Guildford"]
[BlackTeam "White Rose"]
[WhiteFideId "468584"]
[BlackFideId "400327"]
[EventDate "2017.11.11"]

1. e4 c6 2. d4 d5 3. e5 Bf5 4. h4 h5 5. Bd3 Bxd3 6. Qxd3 Qa5+ 7. Bd2 Qa6 8. e6
Qxd3 9. cxd3 fxe6 10. Nf3 Nd7 11. O-O Nh6 12. Re1 Nf5 13. Rxe6 Kf7 14. Re2 g6
15. Bc3 Bg7 16. Nbd2 Bf6 17. g3 Rhe8 18. Rc1 a5 19. a4 Rec8 20. Nb3 b5 21. Nxa5
c5 22. Be1 bxa4 23. Ra1 Nxd4 24. Nxd4 cxd4 25. Rxa4 Rc1 26. Ra3 Ne5 27. Kg2 Rd1
28. Nc6 Rxa3 29. Nxe5+ Bxe5 30. bxa3 Bd6 31. a4 Ra1 32. a5 e5 33. Bd2 Ra2 34. f4
e4 35. dxe4 dxe4 36. Kf1 d3 37. Rg2 Ra1+ 0-1